<?xml version="1.0" encoding="UTF-8"?>
<marc:record xmlns:marc="http://www.loc.gov/MARC21/slim">
   <marc:leader>00000nam a2200000 a 4500</marc:leader>
   <marc:datafield ind1="1" ind2=" " tag="100">
      <marc:subfield code="a">Städing, Sabine</marc:subfield>
      <marc:subfield code="4">aut</marc:subfield>
      <marc:subfield code="e">Verfasser/-in</marc:subfield>
   </marc:datafield>
   <marc:datafield ind1="1" ind2=" " tag="100">
      <marc:subfield code="a">Büchner, Sabine</marc:subfield>
   </marc:datafield>
   <marc:datafield ind1=" " ind2=" " tag="653">
      <marc:subfield code="a">Kinderbuch</marc:subfield>
   </marc:datafield>
   <marc:datafield ind1=" " ind2=" " tag="653">
      <marc:subfield code="a">Kinderbücher bis 11 Jahre</marc:subfield>
   </marc:datafield>
   <marc:datafield ind1=" " ind2=" " tag="653">
      <marc:subfield code="a">Kinder ab 8 Jahren</marc:subfield>
   </marc:datafield>
   <marc:datafield ind1=" " ind2=" " tag="653">
      <marc:subfield code="a">Antolin</marc:subfield>
   </marc:datafield>
   <marc:datafield ind1=" " ind2=" " tag="653">
      <marc:subfield code="a">Hexe</marc:subfield>
   </marc:datafield>
   <marc:datafield ind1=" " ind2=" " tag="653">
      <marc:subfield code="a">Apfel</marc:subfield>
   </marc:datafield>
   <marc:datafield ind1=" " ind2=" " tag="653">
      <marc:subfield code="a">Maulwurf</marc:subfield>
   </marc:datafield>
   <marc:datafield ind1=" " ind2=" " tag="653">
      <marc:subfield code="a">Magie</marc:subfield>
   </marc:datafield>
   <marc:datafield ind1=" " ind2=" " tag="653">
      <marc:subfield code="a">Halloween</marc:subfield>
   </marc:datafield>
   <marc:datafield ind1="0" ind2="0" tag="245">
      <marc:subfield code="a">Petronella Apfelmus - Zaubertricks und Maulwurfshügel</marc:subfield>
   </marc:datafield>
   <marc:datafield ind1="0" ind2="0" tag="245">
      <marc:subfield code="c">Städing, Sabine</marc:subfield>
   </marc:datafield>
   <marc:datafield ind1=" " ind2="1" tag="264">
      <marc:subfield code="a">Köln</marc:subfield>
      <marc:subfield code="b">Boje</marc:subfield>
      <marc:subfield code="c">2020</marc:subfield>
   </marc:datafield>
   <marc:datafield ind1="1" ind2=" " tag="490">
      <marc:subfield code="a">Petronella Apfelmus</marc:subfield>
      <marc:subfield code="v">8</marc:subfield>
   </marc:datafield>
   <marc:datafield ind1=" " ind2=" " tag="250">
      <marc:subfield code="a">Originalausgabe</marc:subfield>
   </marc:datafield>
   <marc:datafield ind1="1" ind2=" " tag="520">
      <marc:subfield code="a">Angaben aus der Verlagsmeldung &#xD;
&#xD;
 &#xD;
&#xD;
  Petronella Apfelmus : Zaubertricks und Maulwurfshügel. Band 8 / von Sabine Städing &#xD;
&#xD;
 &#xD;
Es ist Sommer - und die Zwillinge feiern ihren Geburtstag mit einer Gartenparty. Als besondere Überraschung hext Petronella Lea und Luis auf Käfergröße und nimmt sie mit in eine unbekannte Gartenwelt. Da erscheinen Regenwürmer und Blumen riesig groß! Richtig aufregend wird es, als die Maulwurfkinder Petronella um Hilfe bitten. Ihr Vater ist seit drei Tagen nicht nach Hause gekommen. Was ist bloß passiert? Natürlich setzen Petronella und ihre Freunde alles daran, dieses Rätsel zu lösen ...</marc:subfield>
   </marc:datafield>
   <marc:datafield ind1=" " ind2=" " tag="020">
      <marc:subfield code="a">9783414825797</marc:subfield>
      <marc:subfield code="9">9783414825797</marc:subfield>
   </marc:datafield>
   <marc:datafield ind1=" " ind2=" " tag="020">
      <marc:subfield code="a">3414825791</marc:subfield>
      <marc:subfield code="9">3414825791</marc:subfield>
   </marc:datafield>
   <marc:datafield ind1=" " ind2=" " tag="041">
      <marc:subfield code="a">ger</marc:subfield>
   </marc:datafield>
   <marc:datafield ind1=" " ind2=" " tag="300">
      <marc:subfield code="b">Illustrationen</marc:subfield>
   </marc:datafield>
   <marc:datafield ind1="0" ind2=" " tag="490">
      <marc:subfield code="v">8</marc:subfield>
   </marc:datafield>
   <marc:datafield ind1="1" ind2=" " tag="521">
      <marc:subfield code="a">Kind</marc:subfield>
   </marc:datafield>
   <marc:datafield ind1=" " ind2=" " tag="338">
      <marc:subfield code="a">Band</marc:subfield>
   </marc:datafield>
   <marc:datafield ind1=" " ind2=" " tag="300">
      <marc:subfield code="a">208 Seiten</marc:subfield>
   </marc:datafield>
</marc:record>
